000
00262nam a22001097a 4500
082
_a
080/SPA
100
_a
Sparacino,Bianca
_9
82940
245
_a
A GENTEL REMINDER
260
_a
Noida
_b
Manjul Publishing House
_c
2024
650
_a
General Collection
942
_c
BK
999
_c
67688
_d
67688